000 00895nam a22002897a 4500
003 CHAP
005 20220329143531.0
008 100415s1977 us a r 00010 eng d
010 _a98130
011 _a99102
020 _a0878915095
035 _a109787
040 _cCHAP
082 1 4 _a540.76
_bT34
245 0 4 _aThe chemistry problem solver
_c/editado por M. Fogiel
260 _aNew York :
_bResearch and Education Association,
_c1977
300 _axiv, 946 p. :
_bilus.
590 _aBATCH-UPD
_b10
_c20130110
_lUCH01
_h1941
590 _aBATCH-UPD
_b10
_c20130410
_lUCH01
_h1304
590 _aBATCH-UPD
_b10
_c20130914
_lUCH01
_h1421
590 _aCONVERSION
_b10
_c20130109
_lUCH01
_h1354
650 0 4 _aQuĂ­mica
_xExperimentos.
_993560
700 1 _aFogiel, M.
_941971
901 _aBK
942 _cLIBRO
949 _a540.76 T34
_bBC
_cLIBRO
_d33724002163116
_eLIBRO
_gI.c/e
_h112289
_i109787
_sb
999 _c98130
_d98130